| 000 | 00715nam a2200217 a 4500 | ||
|---|---|---|---|
| 003 | OSt | ||
| 005 | 20240226154605.0 | ||
| 008 | 180221t2005 pk | |||| 000 0 urd d | ||
| 020 | _a9695032052 | ||
| 040 | _c0 | ||
| 082 |
_a297.63 _bSHI 2005 |
||
| 100 | 1 | 0 |
_aشبلی نعمانیؒ،علّامہ _9121344 |
| 245 | 1 | 0 |
_a؍سيرَۃُالنّبیﷺ _cAllama shabli Nomani _hVol : 03 |
| 246 | _aSeerat-un-Nabi (PBUH) | ||
| 260 |
_aLahore: _bAl-Faisal Nashran; _c2005. |
||
| 300 | _a315;470;123 p. | ||
| 500 | _aSaat vol.teen Main | ||
| 650 |
_aSeerat-e-Rasool(PBUH) _9121347 |
||
| 942 |
_2ddc _cBK _aSADA _k297.63 SHI 2005 |
||
| 999 |
_c608252 _d608252 |
||